Capitali casuali °1 - Statistics

Statistiche generali
  • Questo quiz è stato fatto 77 volte
  • Il punteggio medio è 12 su 15
Statistiche sulle risposte
Paese Capitale % Corretto
Algeria Algeri
98%
Francia Parigi
98%
Cina Pechino
98%
Egitto Il Cairo
97%
Russia Mosca
97%
Canada Ottawa
97%
Tunisia Tunisi
97%
Croazia Zagabria
91%
Argentina Buenos Aires
90%
Cile Santiago
84%
Kosovo Pristina
72%
Sudafrica Città del Capo
67%
Guatemala Guatemala
55%
Oman Mascate
47%
India Nuovo Delhi
7%
Nessun quiz corrispondente trovato
Distribuzione punteggi
Percentuale di utenti per punteggio
Percentile per numero di risposta
I tuoi punteggi nel tempo
Non hai fatto questo quiz